00421nam a2200109Ia 4500008004100000082001800041245010500059300002100164942000700185999001900192952010000211230907s9999||||xx |||||||||||||| ||und|| a660.2815bGUI 0aGuidelines for initiating events and independent protection layers in layer of protection analysis / axxx, 348 pages : cBK c600991d600991 00104070aCAS-EbCAS-Ed2019-11-18l0o660.2815 GUIpCAS-E0005090r2023-09-12w2023-09-12yBK